Antennas and propagation for body-centric wireless communications (Record no. 11961)

000 -LEADER
fixed length control field 01264cam a22003497a 4500
001 - CONTROL NUMBER
control field 17472344
005 - DATE AND TIME OF LATEST TRANSACTION
control field 20170105102352.0
008 - FIXED-LENGTH DATA ELEMENTS--GENERAL INFORMATION
fixed length control field 120924s2012 maua b 001 0 eng d
010 ## - LIBRARY OF CONGRESS CONTROL NUMBER
LC control number 2012471479
020 ## - INTERNATIONAL STANDARD BOOK NUMBER
International Standard Book Number 9781608073764
020 ## - INTERNATIONAL STANDARD BOOK NUMBER
International Standard Book Number 1608073769
035 ## - SYSTEM CONTROL NUMBER
System control number (OCoLC)ocn778067519
040 ## - CATALOGING SOURCE
Original cataloging agency YDXCP
Language of cataloging eng
Transcribing agency YDXCP
Modifying agency BWX
-- CUV
-- OCLCQ
-- CUV
-- DLC
042 ## - AUTHENTICATION CODE
Authentication code lccopycat
050 00 - LIBRARY OF CONGRESS CALL NUMBER
Classification number QA76.592
Item number .A58 2012
082 00 - DEWEY DECIMAL CLASSIFICATION NUMBER
Classification number 004.019
Edition number 23
245 00 - TITLE STATEMENT
Title Antennas and propagation for body-centric wireless communications
Statement of responsibility, etc. Peter S. Hall, Yang Hao, editors.
250 ## - EDITION STATEMENT
Edition statement 2nd ed.
260 ## - PUBLICATION, DISTRIBUTION, ETC.
Place of publication, distribution, etc. Boston :
Name of publisher, distributor, etc. Artech House,
Date of publication, distribution, etc. 2012.
300 ## - PHYSICAL DESCRIPTION
Extent xiv, 387 p. :
Other physical details ill. ;
Dimensions 26 cm.
490 1# - SERIES STATEMENT
Series statement Artech House antennas and propagation series
504 ## - BIBLIOGRAPHY, ETC. NOTE
Bibliography, etc. note Includes bibliographical references and index.
650 #0 - SUBJECT ADDED ENTRY--TOPICAL TERM
Topical term or geographic name entry element Wearable computers
General subdivision Design and construction.
650 #0 - SUBJECT ADDED ENTRY--TOPICAL TERM
Topical term or geographic name entry element Wireless communication systems
General subdivision Equipment and supplies
-- Design and construction.
650 #0 - SUBJECT ADDED ENTRY--TOPICAL TERM
Topical term or geographic name entry element Human-computer interaction.
700 1# - ADDED ENTRY--PERSONAL NAME
Personal name Hall, Peter S.
700 1# - ADDED ENTRY--PERSONAL NAME
Personal name Hao, Yang.
830 #0 - SERIES ADDED ENTRY--UNIFORM TITLE
Uniform title Artech House antennas and propagation library.
906 ## - LOCAL DATA ELEMENT F, LDF (RLIN)
a 7
b cbc
c copycat
d 2
e ncip
f 20
g y-gencatlg
942 ## - ADDED ENTRY ELEMENTS (KOHA)
Source of classification or shelving scheme
Koha item type Book
Holdings
Withdrawn status Lost status Damaged status Not for loan Collection code Permanent Location Current Location Shelving location Date acquired Source of acquisition Cost, normal purchase price Total Checkouts Full call number Barcode Date last seen Price effective from Koha item type
          Central Library (CL) Central Library (CL) First Floor - Computer Science 07/03/2013 Progressive International Agencies 17057.03   004.019 HAL SEECS012548 07/08/2013 07/08/2013 Book
© 2023 Central Library, National University of Sciences and Technology. All Rights Reserved.